000 00678nam a2200289Ia 4500
005 20260324145310.0
008 008 260324s9999 xx 000 0 eng d
020 _a9780367351854
037 _aEBOOK
040 _aCRL
040 _beng
040 _cCRL
041 _2eng
041 _aeng
084 _qCRL
100 _aGlenn Turner
_91222478
245 4 _aThe Social World of the Comprehensive School
245 0 _bHow Pupils Adapt
260 _bTaylor and Francis
260 _c1983
365 _a
365 _b180
856 _uhttp://www.taylorfrancis.com/books/9780367351854
942 _cEBOOK
999 _c1830179
_d1830179